<?xml version="1.0" encoding="UTF-8"?>
<record
    xmlns:xsi="http://www.w3.org/2001/XMLSchema-instance"
    xsi:schemaLocation="http://www.loc.gov/MARC21/slim http://www.loc.gov/standards/marcxml/schema/MARC21slim.xsd"
    xmlns="http://www.loc.gov/MARC21/slim">

  <leader>00352    a2200109   4500</leader>
  <controlfield tag="001">ART_41802</controlfield>
  <controlfield tag="005">20260410161814.0</controlfield>
  <controlfield tag="008">260409a                                 </controlfield>
  <datafield tag="245" ind1="1" ind2="0">
    <subfield code="a">La verdad acerca de la creaci&#xF3;n del Instituto de Ense&#xF1;anza Pr&#xE1;ctica</subfield>
  </datafield>
  <datafield tag="100" ind1="1" ind2=" ">
    <subfield code="a">Sanguinetti, Horacio</subfield>
  </datafield>
  <datafield tag="773" ind1="0" ind2=" ">
    <subfield code="t">Academia</subfield>
    <subfield code="g">- A&#xF1;o 11, N&#xBA;21 (ene./jun. 2013)</subfield>
    <subfield code="w">REV4314</subfield>
  </datafield>
  <datafield tag="999" ind1=" " ind2=" ">
    <subfield code="c">21721</subfield>
    <subfield code="d">21721</subfield>
  </datafield>
</record>
